000 00676nam a22001937a 4500
005 20251108164334.0
008 250721s1978 xx 000 0 ara d
082 1 4 _a672.0956/ماج
100 1 _aالصوري، ماجد
245 1 0 _aصناعة الحديد و الصلب العربية :
_bمستقبلاً و إحتياجاتها المالية /
264 1 _aبيروت :
_bمعهد الإنماء العربي،
_c1978.
300 _a239ص : جداول
490 0 _aالدراسات الإقتصاديه و الإستراتيجيه ؛ 4
650 1 7 _aالحديد
650 1 7 _aالصناعات
650 1 7 _aالمعادن
942 _2ddc
_cBK
999 _c9734
_d9734